<?xml version="1.0" encoding="UTF-8"?>
<record
    xmlns:xsi="http://www.w3.org/2001/XMLSchema-instance"
    xsi:schemaLocation="http://www.loc.gov/MARC21/slim http://www.loc.gov/standards/marcxml/schema/MARC21slim.xsd"
    xmlns="http://www.loc.gov/MARC21/slim">

  <leader>01311nam0a2200313   4500</leader>
  <controlfield tag="001">RU\NLR\BIBL_A\011991370</controlfield>
  <controlfield tag="005">20190603151730.0</controlfield>
  <datafield tag="010" ind1=" " ind2=" ">
    <subfield code="a">978-5-6041672-7-4</subfield>
    <subfield code="9">300</subfield>
  </datafield>
  <datafield tag="021" ind1=" " ind2=" ">
    <subfield code="a">RU</subfield>
    <subfield code="b">&#x41A;&#x41D;-&#x41F;-19-023125</subfield>
    <subfield code="9">&#x41A;&#x41D;-&#x41F;-19-1745</subfield>
  </datafield>
  <datafield tag="035" ind1=" " ind2=" ">
    <subfield code="a">(NLR Aleph) 011991370</subfield>
  </datafield>
  <datafield tag="035" ind1=" " ind2=" ">
    <subfield code="a">(RuMoRGB)009934628</subfield>
  </datafield>
  <datafield tag="090" ind1=" " ind2=" ">
    <subfield code="a">11360275</subfield>
    <subfield code="c">11360275</subfield>
  </datafield>
  <datafield tag="100" ind1=" " ind2=" ">
    <subfield code="a">20190417d2018    u  y0rusy50      ca</subfield>
  </datafield>
  <datafield tag="101" ind1="0" ind2=" ">
    <subfield code="a">rus</subfield>
  </datafield>
  <datafield tag="102" ind1=" " ind2=" ">
    <subfield code="a">RU</subfield>
  </datafield>
  <datafield tag="105" ind1=" " ind2=" ">
    <subfield code="a">ac||z|||000zy</subfield>
  </datafield>
  <datafield tag="200" ind1="1" ind2=" ">
    <subfield code="a">&#x424;&#x430;&#x43D;&#x442;&#x438;&#x43A;. &#x41D;&#x435; &#x43F;&#x440;&#x435;&#x440;&#x432;&#x430;&#x43D;&#x43D;&#x44B;&#x439; &#x43F;&#x43E;&#x43B;&#x435;&#x442;</subfield>
    <subfield code="e">[&#x43E;&#x431; &#x443;&#x43D;&#x438;&#x43A;&#x430;&#x43B;&#x44C;&#x43D;&#x43E;&#x43C; &#x430;&#x43B;&#x44C;&#x43F;&#x438;&#x43D;&#x438;&#x441;&#x442;&#x435; &#x42E;&#x440;&#x438;&#x438; &#x41B;&#x438;&#x448;&#x430;&#x451;&#x432;&#x435;, &#x43F;&#x43E; &#x43F;&#x440;&#x43E;&#x437;&#x432;&#x438;&#x449;&#x443; &#x424;&#x430;&#x43D;&#x442;&#x438;&#x43A;]</subfield>
    <subfield code="f">&#x41C;&#x438;&#x445;&#x430;&#x438;&#x43B; &#x421;&#x43B;&#x438;&#x43D;&#x43A;&#x438;&#x43D;</subfield>
  </datafield>
  <datafield tag="210" ind1=" " ind2=" ">
    <subfield code="a">&#x41C;&#x43E;&#x441;&#x43A;&#x432;&#x430;</subfield>
    <subfield code="c">&#x418;&#x437;&#x434;-&#x432;&#x43E; &#x41C;&#x411;&#x410;</subfield>
    <subfield code="d">2018</subfield>
  </datafield>
  <datafield tag="215" ind1=" " ind2=" ">
    <subfield code="a">223 &#x441;., [8] &#x43B;. &#x438;&#x43B;., &#x446;&#x432;. &#x438;&#x43B;., &#x43F;&#x43E;&#x440;&#x442;&#x440;.</subfield>
    <subfield code="d">22</subfield>
  </datafield>
  <datafield tag="517" ind1="1" ind2=" ">
    <subfield code="a">&#x41D;&#x435; &#x43F;&#x440;&#x435;&#x440;&#x432;&#x430;&#x43D;&#x43D;&#x44B;&#x439; &#x43F;&#x43E;&#x43B;&#x435;&#x442;</subfield>
  </datafield>
  <datafield tag="600" ind1=" " ind2="1">
    <subfield code="a">&#x41B;&#x438;&#x448;&#x430;&#x451;&#x432;</subfield>
    <subfield code="b">&#x42E;. &#x41C;.</subfield>
    <subfield code="g">&#x42E;&#x440;&#x438;&#x439; &#x41C;&#x438;&#x445;&#x430;&#x439;&#x43B;&#x43E;&#x432;&#x438;&#x447;</subfield>
    <subfield code="f">1955</subfield>
    <subfield code="2">nlr_sh2</subfield>
    <subfield code="3">RU\NLR\AUTH\6601655905</subfield>
  </datafield>
  <datafield tag="686" ind1="1" ind2=" ">
    <subfield code="a">&#x427;518.23(2)7-8&#x41B;&#x438;&#x448;&#x430;&#x451;&#x432;</subfield>
  </datafield>
  <datafield tag="700" ind1=" " ind2="1">
    <subfield code="a">&#x421;&#x43B;&#x438;&#x43D;&#x43A;&#x438;&#x43D;</subfield>
    <subfield code="b">&#x41C;. &#x41C;.</subfield>
    <subfield code="g">&#x41C;&#x438;&#x445;&#x430;&#x438;&#x43B; &#x41C;&#x438;&#x445;&#x430;&#x439;&#x43B;&#x43E;&#x432;&#x438;&#x447;</subfield>
  </datafield>
  <datafield tag="702" ind1=" " ind2="1">
    <subfield code="a">&#x41B;&#x438;&#x448;&#x430;&#x451;&#x432;</subfield>
    <subfield code="b">&#x42E;.&#x41C;.</subfield>
    <subfield code="f">1955-</subfield>
    <subfield code="g">&#x42E;&#x440;&#x438;&#x439; &#x41C;&#x438;&#x445;&#x430;&#x439;&#x43B;&#x43E;&#x432;&#x438;&#x447;</subfield>
    <subfield code="3">RU\NLR\AUTH\770206332</subfield>
    <subfield code="4">570</subfield>
  </datafield>
  <datafield tag="942" ind1=" " ind2=" ">
    <subfield code="c">BOOK</subfield>
  </datafield>
  <datafield tag="980" ind1=" " ind2=" ">
    <subfield code="a">NBR</subfield>
  </datafield>
  <datafield tag="980" ind1=" " ind2=" ">
    <subfield code="a">NB</subfield>
  </datafield>
</record>
